03065cam a2200349 i 450000100090000000300040000900500170001300800410003001000170007102000300008802000310011802000270014904000270017604200080020305000240021108200380023510000290027324500580030226400670036030000520042733600260047933700280050533800270053349000390056050400510059950501460065052016980079665000220249465000210251665000300253777601480256722930148OSt20241210094618.0230114s2023 enkab b 001 0 eng  a 2022052243 a9781032357461q(hardback) a9781032357478q(paperback) z9781003328353q(ebook) aLBSORbengerdacLBSOR apcc00aQB479.2b.T736 202300a522.682 T736 2023223/eng202303231 aTrangos̆, Guy,eauthor.14aThe spatialities of radio astronomy /cGuy Trangoš. 1aLomdon;aNew York :bRoutledge, Taylor & Francis Group,c2023. axvii, 246 pages :billustrations, maps ;c24 cm atextbtxt2rdacontent aunmediatedbn2rdamedia avolumebnc2rdacarrier0 aRoutledge research in architecture aIncludes bibliographical references and index.0 aFortress science -- Making science -- Territories of emptiness -- Hyper concentration -- Negotiating contingencies -- Epilogue : to the moon. a"The spaces of science are understudied by the spatial disciplines and studies of science and technology. This book examines this multidisciplinary overlap through a comparative study of four of the world's most important radio telescopes. Through detailed analysis, historical research, interviews, personal observations, and various conceptual manoeuvres, the author reveals the depth of spatial process active at these scientific sites and the territories they traverse. Through the conceptual frameworks of territory, hyper-concentration, and contingency, the book examines the telescope as one exploded across space and time, present in multiple connected sites simultaneously, and active in the production of space. It develops a historiographic and contemporary analysis of the Atacama Large Millimeter/submillimeter Array (ALMA, Chile); the Five-hundred-meter diameter Aperture Spherical Array (FAST, China); the Arecibo Observatory (Puerto Rico); and the MeerKAT/SKA (South Africa). These case studies are global exemplars of the different spatial transformations that occur through science. Their relationships to surrounding communities and landscapes reveal deeper constitutional processes embodied in each institutional and spatial form. This book spans the modern history of architecture and science, the studies of science, technology and society, and urban theory. It is of specific interest to architects and designers expanding their analysis of spatial production, scholars in the study of geography, landscape, science, technology, and astronomy, and people fascinated with how these radio telescopes were conceptualised, built, and operate today"--cProvided by publisher. 0aRadio telescopes. 0aRadio astronomy. 0aArchitecture and science.08iOnline version:aTrangoš, Guy.tSpatialities of radio astronomydAbingdon, Oxon ; New York : Routledge, 2023z9781003328353w(DLC) 2022052244